Determinants of degree performance in UK universities: a statistical analysis of the 1993 student cohort (Record no. 48892)

000 -LEADER
fixed length control field 00550pab a2200181 454500
008 - FIXED-LENGTH DATA ELEMENTS--GENERAL INFORMATION
fixed length control field 180718b2001 xxu||||| |||| 00| 0 eng d
100 ## - MAIN ENTRY--PERSONAL NAME
Personal name Smith, Jeremy
245 ## - TITLE STATEMENT
Title Determinants of degree performance in UK universities: a statistical analysis of the 1993 student cohort
260 ## - PUBLICATION, DISTRIBUTION, ETC.
Date of publication, distribution, etc. 2001
300 ## - PHYSICAL DESCRIPTION
Extent p.29-60
362 ## - DATES OF PUBLICATION AND/OR SEQUENTIAL DESIGNATION
Dates of publication and/or sequential designation Feb
650 ## - SUBJECT ADDED ENTRY--TOPICAL TERM
Topical term or geographic name entry element Students - Great Britain
650 ## - SUBJECT ADDED ENTRY--TOPICAL TERM
Topical term or geographic name entry element Universities - Great Britain
650 ## - SUBJECT ADDED ENTRY--TOPICAL TERM
Topical term or geographic name entry element Universities
700 ## - ADDED ENTRY--PERSONAL NAME
Personal name Naylor, Robin
773 ## - HOST ITEM ENTRY
Main entry heading Oxford Bulletin of Economics and Statistics
909 ## -
-- 48892
Holdings
Withdrawn status Lost status Damaged status Not for loan Permanent Location Current Location Date acquired Serial Enumeration / chronology Barcode Date last seen Price effective from Koha item type
        Indian Institute of Public Administration Indian Institute of Public Administration 2018-07-19 Volume no: 63, Issue no: 1 AR49320 2018-07-19 2018-07-19 Articles

Powered by Koha